Collection des rapports du Conseil Central de Salubrité du département de la Gironde pour les années 1845 et 1846 / (Record no. 153249)
[ view plain ]
| 000 -LEADER | |
|---|---|
| campo de control de longitud fija | 00751nam a22001695i 4500 |
| 001 - NÚMERO DE CONTROL | |
| campo de control | 153249 |
| 003 - IDENTIFICADOR DE NÚMERO DE CONTROL | |
| campo de control | ES-MaACL |
| 005 - FECHA Y HORA DE LA ÚLTIMA TRANSACCIÓN | |
| campo de control | 20230906205106.0 |
| 008 - DATOS DE LONGITUD FIJA--INFORMACIÓN GENERAL | |
| campo de control de longitud fija | 040903s1847 fr |||| | fre d |
| 110 2# - ENTRADA PRINCIPAL--NOMBRE DE ENTIDAD CORPORATIVA | |
| Nombre de entidad corporativa o nombre de jurisdicción como elemento de entrada | Conseil Central de Salubrité du Département de la Gironde. |
| 9 (RLIN) | 134295 |
| 245 10 - MENCIÓN DEL TÍTULO | |
| Título | Collection des rapports du Conseil Central de Salubrité du département de la Gironde pour les années 1845 et 1846 / |
| Mención de responsabilidad, etc. | mis en ordre par Léon Marchant. |
| 260 ## - PUBLICACIÓN, DISTRIBUCIÓN, ETC. | |
| Lugar de publicación, distribución, etc. | Bordeaux : |
| Nombre del editor, distribuidor, etc. | [s.n.], |
| Fecha de publicación, distribución, etc. | 1847 ( |
| Fabricante | Imp. de Durand) |
| 300 ## - DESCRIPCIÓN FÍSICA | |
| Extensión | 61, [1] en bl., [2] p. ; |
| Dimensiones | 20 cm. |
| 650 #4 - PUNTO DE ACCESO ADICIONAL DE MATERIA--TÉRMINO DE MATERIA | |
| Término de materia o nombre geográfico como elemento de entrada | Salubridad pública- |
| Subdivisión geográfica | Francia. |
| 9 (RLIN) | 172601 |
| 700 1# - ENTRADA AGREGADA--NOMBRE PERSONAL | |
| Nombre de persona | Marchant, Léon. |
| 9 (RLIN) | 129450 |
| 852 ## - LOCALIZACIÓN | |
| Ubicación | ES-MaACL |
| Número de control de estantería | R-1366(3) |
| Nota libre | - Enc. hol. |
| -- | - Enc. en un vol. facticio |
| -- | - Donat. Mateo Seoane |
| Estatus retirado | Estado de pérdida | Estado de daño | No para préstamo | Colección | Biblioteca de origen | Biblioteca actual | Ubicación en estantería | Fecha de adquisición | Total de préstamos | Signatura topográfica completa | Código de barras | Visto por última vez | Precio de reemplazo | Tipo de ítem Koha |
|---|---|---|---|---|---|---|---|---|---|---|---|---|---|---|
| Libros del s. XIX | Biblioteca del Ateneo de Madrid | Biblioteca del Ateneo de Madrid | Depósito | 17/01/2008 | R-1366(3) | 1160140 | 23/02/2023 | 23/02/2023 | Libro impreso antiguo |
